书目信息 |
| 题名: |
超级女声宝典
|
|
| 作者: | 三宝 编著 ;滕媛媛 漫画 | |
| 分册: | ||
| 出版信息: | 北京 新华出版社 2005.09 |
|
| 页数: | 168页 | |
| 开本: | 21cm | |
| 丛书名: | ||
| 单 册: | ||
| 中图分类: | J692.7 | |
| 科图分类: | ||
| 主题词: | 女性--歌唱--竞赛--概况--中国 | |
| 电子资源: | ||
| ISBN: | 7-5011-7204-8 | |
| 000 | 01037nam0 2200301 450 | |
| 001 | 0104000024 | |
| 005 | 20060515115123.1 | |
| 010 | @a7-5011-7204-8@dCNY28.00 | |
| 016 | @aCN-Q06-05-308-00@b光盘 | |
| 100 | @a20081123d2005 ekmy0chiy0120 ea | |
| 101 | 0 | @achi |
| 102 | @aCN@b110000 | |
| 105 | @aa z 000yy | |
| 106 | @ar | |
| 200 | 1 | @a超级女声宝典@AChao Ji Nu^ Sheng Bao Dian@f三宝编著@FSan Bao Bian Zhu@g滕媛媛漫画 |
| 210 | @a北京@c新华出版社@d2005.09 | |
| 215 | @a168页@c照片,图@d21cm@e光盘1张 | |
| 307 | @a附光盘:ISRC CN-Q06-05-308-00 | |
| 312 | @a英文题名取自封面 | |
| 330 | @a本书典藏了200多张精美图片,有超女在舞台上的载歌载舞,也有首度披露的超女生活照。披露了超女背后的故事,有10强超女的心路历程,也有10强超女的小秘密等。 | |
| 510 | 1 | @aBible of super girls@zeng |
| 606 | 0 | @a女性@x歌唱@x竞赛@x概况@y中国 |
| 690 | @aJ692.7@v4 | |
| 701 | 0 | @a三宝@ASan Bao@4编著 |
| 702 | 0 | @a滕媛媛@ATeng Yuan Yuan@4漫画 |
| 801 | 0 | @aCN@bHTDF@c20081123 |
| 905 | @aBZT@dJ692.7@e3@f10 | |
| 906 | @dCNY28.00 (含光盘@n0@r1 | |
| 超级女声宝典/三宝编著/滕媛媛漫画.-北京:新华出版社,2005.09 |
| 168页:照片,图;21cm+光盘1张 |
| ISBN 7-5011-7204-8:CNY28.00 |
| 本书典藏了200多张精美图片,有超女在舞台上的载歌载舞,也有首度披露的超女生活照。披露了超女背后的故事,有10强超女的心路历程,也有10强超女的小秘密等。 |
| ● |
| 相关链接 |
|
|
|
正题名:超级女声宝典
索取号:J692.7/3
 
预约/预借
| 序号 | 登录号 | 条形码 | 馆藏地/架位号 | 状态 | 备注 |
| 1 | 713392 | 2000713392 | 中心书库中库/ 中库021架A面5列6层16/ [索取号:J692.7/3] | 在馆 | |
| 2 | 713393 | 2000713393 | 中心书库中库/ 中库021架A面5列6层17/ [索取号:J692.7/3] | 在馆 | |
| 3 | 713394 | 2000713394 | 中心书库中库/ 中库021架A面5列6层18/ [索取号:J692.7/3] | 在馆 | |
| 4 | 713395 | 2000713395 | 中心书库中库/ 中库021架A面5列6层23/ [索取号:J692.7/3] | 在馆 | |
| 5 | 713397 | 2000713397 | 中心书库中库/ 中库021架A面5列6层22/ [索取号:J692.7/3] | 在馆 | |
| 6 | 713398 | 2000713398 | 中心书库中库/ 中库021架A面5列6层21/ [索取号:J692.7/3] | 在馆 | |
| 7 | 713399 | 2000713399 | 中心书库中库/ 中库021架A面5列6层19/ [索取号:J692.7/3] | 在馆 | |
| 8 | 713400 | 2000713400 | 中心书库中库/ 中库021架A面5列6层20/ [索取号:J692.7/3] | 在馆 | |
| 9 | 713401 | 2000713401 | 中心书库中库/ 中库021架A面5列6层24/ [索取号:J692.7/3] | 在馆 |